Roral development activities of prasak II​in svay rieng province សកម្មភាពអភិវឌ្ឍន៍ជនបទរបស់កម្មវិធីប្រាសាក់ពីរខេត្ដស្វាយរៀង (Record no. 563)

000 -LEADER
fixed length control field 00595nam a22001577a 4500
003 - CONTROL NUMBER IDENTIFIER
control field OSt
005 - DATE AND TIME OF LATEST TRANSACTION
control field 20150916111602.0
008 - FIXED-LENGTH DATA ELEMENTS--GENERAL INFORMATION
fixed length control field 150916b xxu||||| |||| 00| 0 eng d
040 ## - CATALOGING SOURCE
Transcribing agency RUA
082 ## - DEWEY DECIMAL CLASSIFICATION NUMBER
Classification number AGR MEA 2003 B028 Or.1
100 ## - MAIN ENTRY--PERSONAL NAME
9 (RLIN) 585
Personal name MEAS, VANNAK.
245 ## - TITLE STATEMENT
Title Roral development activities of prasak II​in svay rieng province សកម្មភាពអភិវឌ្ឍន៍ជនបទរបស់កម្មវិធីប្រាសាក់ពីរខេត្ដស្វាយរៀង
260 ## - PUBLICATION, DISTRIBUTION, ETC. (IMPRINT)
Place of publication, distribution, etc. Phnom Penh
Name of publisher, distributor, etc. RUA
Date of publication, distribution, etc. 2003
300 ## - PHYSICAL DESCRIPTION
Extent 51p.
Other physical details ill.
Dimensions 29cm.
942 ## - ADDED ENTRY ELEMENTS (KOHA)
Source of classification or shelving scheme
Koha item type AGR
Holdings
Price effective from Date last seen Permanent Location Not for loan Date acquired Source of classification or shelving scheme Koha item type Barcode Lost status Damaged status Shelving location Withdrawn status Current Location Full call number
2015-09-162015-09-16Library Block B 2015-09-16 AGRRUA001581  B028 Library Block BAGR MEA 2003 B028 Or.1
2015-09-162015-09-16Library Block B 2015-09-16 AGRRUA001083  B028 Library Block BAGR MEA 2003 B028 Or.2
2015-09-162015-09-16Library Block B 2015-09-16 AGRRUA001467  B028 Library Block BAGR MEA 2003 B028 Or.3
2015-09-162015-09-16Library Block B 2015-09-16 AGRRUA001539  B028 Library Block BAGR MEA 2003 B028 Or.4
2015-09-162015-09-16Library Block B 2015-09-16 AGRRUA001611  B028 Library Block BAGR MEA 2003 B028 Or.5
មជ្ឈមណ្ឌលឯការនៃសាកលវិទ្យាល័យភូមិន្ទកសិកម្មចំការដូង

Powered by Koha